Sistemy prjamovo adaptivnovo upravlenija /

Na minha lista:
Detalhes bibliográficos
Main Authors: Pavlov, Boris Viktorovič (Author), Solovjev, Ilja Georgijevič (Author)
Formato: Livro
Idioma:russo
Publicado em: Moskva : Nauka, 1990
Tags: Adicionar Tag
Sem tags, seja o primeiro a adicionar uma tag!

MARC

LEADER 00000nam a22000003a 4500
001 stu17109
005 20150617225758.5
008 ------s1990----xxr-----------------rus-d
020 |a 5-02-006557-9 
040 |a STU  |b slo 
041 0 |a rus 
044 |a xxr 
080 |a 65.012.122 
100 1 |a Pavlov, Boris Viktorovič  |4 aut 
245 1 |a Sistemy prjamovo adaptivnovo upravlenija /  |c [aut.]Pavlov,Boris Viktorovič, Solovjev,Ilja Georgijevič 
260 |a Moskva :  |b Nauka,  |c 1990 
300 |a 129 s :  |b Grafy,lit 
700 1 |a Solovjev, Ilja Georgijevič  |4 aut 
996 |b C87510  |c C*87510  |l CCXVI  |s P  |a 0  |w stu17109_0001